书目信息 |
| 题名: |
将军与士兵的对话
|
|
| 作者: | 刘灵芝 主编 | |
| 分册: | ||
| 出版信息: | 北京 长征出版社 2000 |
|
| 页数: | 247页 | |
| 开本: | 20cm | |
| 丛书名: | ||
| 单 册: | ||
| 中图分类: | I267.5 | |
| 科图分类: | ||
| 主题词: | 书信--作品集--中国--当代 | |
| 电子资源: | ||
| ISBN: | 7-80015-615-X | |
| 000 | 00568nam0 2200193 450 | |
| 001 | 0740285546 | |
| 005 | 20070724082316.45 | |
| 010 | @a7-80015-615-X@dCNY18.50 | |
| 100 | @a20070717d2000 km y0chiy0120 ea | |
| 101 | 0 | @achi |
| 102 | @aCN@b110000 | |
| 200 | 1 | @a将军与士兵的对话@Ajiang jun yu shi bing de dui hua@f刘灵芝主编@Fliu ling zhi zhu bian |
| 210 | @a北京@c长征出版社@d2000 | |
| 215 | @a247页@d20cm | |
| 606 | 0 | @a书信@x作品集@y中国@z当代 |
| 690 | @aI267.5@v3 | |
| 701 | 0 | @a刘灵芝@Aliu ling zhi@4主编 |
| 801 | 0 | @aCN@bPFT@c20070724 |
| 905 | @a10447@dI267.5@e1281 | |
| 将军与士兵的对话/刘灵芝主编.-北京:长征出版社,2000 |
| 247页;20cm |
| ISBN 7-80015-615-X:CNY18.50 |
| ● |
| 相关链接 |
|
|
|
|
正题名:将军与士兵的对话
索取号:I267.5/1281
 
预约/预借
| 序号 | 登录号 | 条形码 | 馆藏地/架位号 | 状态 | 备注 |
| 1 | 0770299 | 207702994 | 第一样本阅览室/ [索取号:I267.5/1281] | 在馆 |